Alle Teams in einer EM K.O. Runde - Statistiken

Allgemein
  • Dieses Quiz wurde 271 mal gespielt
  • Das Durchschnittsergebnis liegt bei 26 aus 29
Antwortstatistiken
Anzahl der K.O. Runden Nation % Korrekt
10 Deutschland
100%
8 Frankreich
100%
8 Spanien
100%
8 Portugal
99%
6 England
98%
8 Italien
98%
2 Schweiz
98%
8 Niederlande
97%
3 Schweden
97%
4 Belgien
96%
1 Österreich
96%
4 Tschechien
96%
1 Polen
95%
4 Kroatien
94%
5 Dänemark
93%
2 Griechenland
93%
1 Russland
93%
1 Slowakei
93%
2 Türkei
92%
1 Ukraine
91%
1 Irland
90%
3 Ungarn
90%
1 Rumänien
86%
2 Wales
83%
1 Island
82%
4 Jugoslawien
70%
1 Nordirland
70%
5 Sowjetunion
68%
3 Tschechoslowakei
54%
Keine übereinstimmenden Quizze gefunden
Verteilung der Resultate
Anzahl Personen mit jedem Resultat
Perzentil nach korrekt beantworteten Fragen
Ihre Resultats-Entwicklung
Sie haben dieses Quiz noch nicht gespielt